000 00856nam a22002297a 4500
005 20260408150701.0
008 260408b |||||||| |||| 00| 0 eng d
020 _a9789389396331
040 _cAL
041 _aeng
082 _a519.76
_bPUNL
100 _aSudhir Kumar Pundir
_9260867
245 _aLinear programming with game theory
260 _aNew Delhi
_bCBS Publishers and Distributors Pvt Ltd
_c2023
300 _aiv,552p
_bPB
_c24.5x17
365 _2Computer Science Engineering
_aVBI-2645
_b₹420.00
_c
_d₹560.00
_e25%
_f20-02-206
520 _aLinear programming with game theory (pb 2020)pundir S.K.Latest available information and guidelines are incorporated. Easy to understand and thorough content.
650 _aSimplex Method
_9260868
650 _aConvex Sets
_9260869
650 _aGoal Programming
_9260870
942 _2ddc
_cBK
999 _c241186
_d241186